| 000 | 02128cam a22004934i 4500 | ||
|---|---|---|---|
| 003 | PE-LiUPU | ||
| 005 | 20250731173435.0 | ||
| 008 | 150706s2011 fl r 000 0 spa d | ||
| 020 | _a9780829758023 | ||
| 035 | _a(Sirsi) i9780829758023 | ||
| 040 |
_aPE-LiUPU _bspa _cPE-LiUPU _erda |
||
| 049 | _aPRUA | ||
| 082 | 0 | 4 |
_a248.8627 _bT78 _221 |
| 100 | 1 |
_aTracy, Steven R. , _eautor. |
|
| 245 | 1 | 0 |
_aCómo comprender y sanar el abuso : _by maltrato en tu vida y en la de los demás / _cSteven R. Tracy ; traducido por Giovanni Durán. |
| 264 | 1 |
_aMiami, Florida : _bVida, _c2011. |
|
| 300 |
_a252 páginas ; _c22 centímetros |
||
| 336 |
_atext _2rdacontent |
||
| 337 |
_aunmediated _2rdamedia |
||
| 338 |
_avolume _2rdacarrier |
||
| 500 | _aTitulo original: Mending the Soul. | ||
| 505 | 0 | _aLa naturaleza del abuso -- Una llamada de atención al poder y alcance del abuso -- El abuso: perversión de la imagen de Dios -- El perfil de los agresores -- El retrato de una familia que abusa -- Los efectos del abuso -- La vergüenza -- La impotencia y la falta de vida -- El aislamiento -- El camino a la sanidad -- Enfrentar la ruina -- La reconstrucción de la intimidad con Dios -- El perdón. | |
| 526 | _aSEG42 | ||
| 526 | _aSEG41 | ||
| 526 | _aSEG40 | ||
| 526 | _aSEG39 | ||
| 526 | _aP94 | ||
| 526 | _aP87 | ||
| 526 | _aP86 | ||
| 526 | _aP85 | ||
| 526 | _aP77 | ||
| 526 | _aP76 | ||
| 526 | _aP35 | ||
| 541 | _g001-0000706; | ||
| 650 | 0 | 4 |
_aAdolescentes cristianos _xVida religiosa. |
| 650 | 0 | 4 |
_aAdolescentes maltratados _xVida religiosa. |
| 700 | 1 |
_aDurán, Giovanni, _etr. |
|
| 910 |
_agl _clch _d20131031 |
||
| 942 |
_2ddc _cBOOK |
||
| 949 |
_a248.8627 T78 _wDEWEY _c1 _i68498 _lCCODEBUL1 _mBUL _p14.00 _r0 _sY _tBOOK _u2015-7-6 _xTEOLOGIA _PP35 _o.STAFF. Colección Teología |
||
| 994 |
_aC0 _bPEPRU |
||
| 596 | _a1 | ||
| 999 |
_a248.8627 T78 _wDEWEY _c55880 _i68498 _d55880 _e2017-9-1 _f2021-11-10 _g5 _lCCODEBUL1 _mBUL _n2 _p14.00 _q1 _r0 _sY _tBOOK _u2015-7-6 _xTEOLOGIA _PP35 _0COMPRA _o.STAFF. Colección Teología |
||
| 980 |
_81 _gALBERTO SANCHEZ Responsable de Automatización |
||